| 000 -LEADER |
| fixed length control field |
01372cam a2200337 a 4500 |
| 001 - CONTROL NUMBER |
| control field |
3246070 |
| 003 - CONTROL NUMBER IDENTIFIER |
| control field |
NUST |
| 005 - DATE AND TIME OF LATEST TRANSACTION |
| control field |
20190925163204.0 |
| 008 - FIXED-LENGTH DATA ELEMENTS--GENERAL INFORMATION |
| fixed length control field |
810812s1980 dcua bs f000 0 eng |
| 010 ## - LIBRARY OF CONGRESS CONTROL NUMBER |
| LC control number |
80054556 |
| 020 ## - INTERNATIONAL STANDARD BOOK NUMBER |
| International Standard Book Number |
0309031532 (pbk.) : |
| Terms of availability |
$6.80 |
| 038 ## - RECORD CONTENT LICENSOR |
| Staff Name |
MSOHAIL |
| 040 ## - CATALOGING SOURCE |
| Original cataloging agency |
DLC |
| Transcribing agency |
DLC |
| Modifying agency |
DLC |
| 043 ## - GEOGRAPHIC AREA CODE |
| Geographic area code |
n-us--- |
| 050 00 - LIBRARY OF CONGRESS CALL NUMBER |
| Classification number |
HE308 |
| Item number |
.A62 |
| 082 00 - DEWEY DECIMAL CLASSIFICATION NUMBER |
| Classification number |
388.4131430973 |
| Edition number |
19 |
| 245 00 - TITLE STATEMENT |
| Title |
Alternative work schedules : |
| Remainder of title |
impacts on transportation. |
| 260 ## - PUBLICATION, DISTRIBUTION, ETC. |
| Place of publication, distribution, etc. |
Washington, D.C. : |
| Name of publisher, distributor, etc. |
Transportation Research Board, National Research Council, |
| Date of publication, distribution, etc. |
1980. |
| 300 ## - PHYSICAL DESCRIPTION |
| Extent |
54 p. : |
| Other physical details |
ill. ; |
| Dimensions |
28 cm. |
| 490 1# - SERIES STATEMENT |
| Series statement |
National Cooperative Highway Research Program synthesis of highway practice, |
| International Standard Serial Number |
0547-5570 ; |
| Volume/sequential designation |
73 |
| 500 ## - GENERAL NOTE |
| General note |
"Research sponsored by the American Association of State Highway and Transportation Officials in cooperation with the Federal Highway Administration." |
| 504 ## - BIBLIOGRAPHY, ETC. NOTE |
| Bibliography, etc. note |
Includes bibliographical references. |
| 650 #0 - SUBJECT ADDED ENTRY--TOPICAL TERM |
| Topical term or geographic name entry element |
Urban transportation |
| Geographic subdivision |
United States. |
| 9 (RLIN) |
21433 |
| 650 #0 - SUBJECT ADDED ENTRY--TOPICAL TERM |
| Topical term or geographic name entry element |
Commuting |
| Geographic subdivision |
United States. |
| 9 (RLIN) |
21434 |
| 650 #0 - SUBJECT ADDED ENTRY--TOPICAL TERM |
| Topical term or geographic name entry element |
Traffic flow |
| Geographic subdivision |
United States. |
| 9 (RLIN) |
21435 |
| 650 #0 - SUBJECT ADDED ENTRY--TOPICAL TERM |
| Topical term or geographic name entry element |
Flextime |
| Geographic subdivision |
United States. |
| 9 (RLIN) |
21436 |
| 710 2# - ADDED ENTRY--CORPORATE NAME |
| Corporate name or jurisdiction name as entry element |
National Research Council (U.S.). |
| Subordinate unit |
Transportation Research Board. |
| 9 (RLIN) |
19676 |
| 830 #0 - SERIES ADDED ENTRY--UNIFORM TITLE |
| Uniform title |
Synthesis of highway practice ; |
| Volume/sequential designation |
73. |
| 9 (RLIN) |
21437 |
| 906 ## - LOCAL DATA ELEMENT F, LDF (RLIN) |
| a |
7 |
| b |
cbc |
| c |
orignew |
| d |
2 |
| e |
ocip |
| f |
19 |
| g |
y-gencatlg |
| 942 ## - ADDED ENTRY ELEMENTS (KOHA) |
| Source of classification or shelving scheme |
|
| Koha item type |
Book |